Normal view
MARC view
Entry Topical Term
001 - CONTROL NUMBER
- control field: 30324
003 - CONTROL NUMBER IDENTIFIER
- control field: ARRUPE
005 - DATE AND TIME OF LATEST TRANSACTION
- control field: 20170503092926.0
008 - FIXED-LENGTH DATA ELEMENTS
- fixed length control field: 170503|| aca||aabn | a|a d
040 ## - CATALOGING SOURCE
- Original cataloging agency: ARRUPE
- Transcribing agency: ARRUPE
150 ## - HEADING--TOPICAL TERM
- Topical term or geographic name as entry element:
- Topical term following geographic name as entry element: Burundi
- General subdivision: Ethnic relations
- General subdivision: Political aspects
670 ## - SOURCE DATA FOUND
- Source citation: Work cat.: (ARRUPE)100617: Ndarubagiye, Leonce 30322, Burundi